Personaggi di Mario Kart 64 - Statistics

Statistiche generali
  • Questo quiz è stato fatto 17 volte
  • Il punteggio medio è 7 su 8
Statistiche sulle risposte
Personaggio % Corretto
Luigi
100%
Mario
100%
Peach
100%
Wario
93%
Bowser
86%
Toad
86%
Donkey Kong
79%
Yoshi
79%
Nessun quiz corrispondente trovato
Distribuzione punteggi
Percentuale di utenti per punteggio
Percentile per numero di risposta
I tuoi punteggi nel tempo
Non hai fatto questo quiz